000 02536nam a2200373 i 4500
003 DO-SdBNP
005 20251202111711.0
006 a||||gr|||| 00| 0
007 ta
008 221104e2022 dr a ||gr|||| 00| edspa d
020 _a9789945929621
040 _aDo-SdBNP
_bspa
_cBNPHU
_erda
082 4 _222
_bR579i
100 _970376
_aRincón González, María José
_eautora
245 1 0 _aIndigenismos antillanos /
_cMaría José Rincón González ; ilustración, Juan Ramón Peralta Rincón; Cuidado edición, Daniela Cruz Gil; presentación, Eric Fournier.
264 1 _aSanto Domimgo :
_bCentro León,
_c2022
300 _a167 páginas :
_bilustraciones ;
_c25 cm
336 _2rdacontent
_atexto
_btxt
337 _2rdamedia
_asin mediación
_bn
338 _2rdacarrier
_avolumen
_bn
500 _aIncluye datos biográficos de la autora en la solapa de la cubierta
504 _aBibliografía : páginas 142-145
505 0 _tUna vasija que lleva siglos en nuestra cocina.-- Huella linguística.-- ¿La lengua de los indios?.-- Lengua franca.-- Historias novelescas.-- Nuevas realidades, nuevas herramientas.-- Palabras de siempre, nuevo significados.-- Palabras indígenas en letras latinas.-- Los indigenismos entran en la lengua española.-- Los primos.-- Los indigenismos llegan al diccionario.-- Primeros antillanismos en la literatura.-- Cartas con regusto antillano.--
_t Integradas y miméticas.-- La realidad humana.-- Entornos con sabor ancestral.-- La vida cotidiana.-- El pan de los indios.-- Alimentos y palabras que emigran.-- Sabor y color antillano.-- Armas y ataques.-- En el agua.-- Productos útiles.-- Un mundo de frutas.-- Suertes dispares.-- Árboles muy diferentes.-- Aplicaciones medicinales.-- Palmas.-- Roedores y reptiles.-- En los cielos de la Española.-- Tesoros de aguas saladas y dulces.-- Otros pobladores.--
_tPervivencia de las palabras antillanas en el español de España.-- La literatura y la música resuenan con los indigenismos antillanos.-- Ventanas abiertas.-- Referencias bibliográficas.--
_tGlosario.
590 _aInventariado, 2024 / MF
650 0 _aIndios de las Antillas
_91049
650 4 _919502
_aIndígenas de Las Antillas
_vDiccionarios
_xLenguas
650 4 _982173
_aLenguas indígenas
700 1 _aPeralta Ricón, Juan Ramón,
_eilustrador
_983139
700 1 _aCruz Gil, Daniela,
_d1984-
_eeditor
_986930
700 2 _aFournier, Eric,
_epresentación
_986140
710 2 _aCentro Cultural Eduardo León Jimenes
_956909
910 _aBtavárez
942 _2ddc
_cLBS1
999 _c52806
_d52806